Understanding and implementing the finite element method

Gardado en:
Detalles Bibliográficos
Autor Principal: Gockenbach, Mark S (Author)
Formato: Libro
Idioma:inglés
Publicado: Filadelfia Society for Industrial and Applied Mathematics 2006
Subjects:
Tags: Engadir etiqueta
Sen Etiquetas, Sexa o primeiro en etiquetar este rexistro!

MARC

LEADER 00000cam a2200000 a 4500
001 UCE9253
003 CL-VaPUC
008 151016e20060000us |||||||||||||||||eng|d
020 |a 9780898716146 
082 0 4 |a 519.4  |b GOC  |2 21 
100 0 |a Gockenbach, Mark S  |e author  |9 582026 
245 1 0 |a Understanding and implementing the finite element method 
300 |a 363 p 
942 |c BK 
945 |d 20151016 11:49:00  |a cmena 
260 |a Filadelfia  |b Society for Industrial and Applied Mathematics  |c 2006 
650 0 |a Método de elemento finito  |9 327601 
650 0 |a Proceso de datos   |9 259776 
583 |a last modification  |c 20151016 11:49:00  |k Rodrigo Vera 
999 |c 360923  |d 360921 
952 |0 0  |1 0  |3 erb  |4 0  |6 519_400000000000000_GOC_2006  |7 0  |8 A  |9 471203  |a BIBMAT  |b BIBMAT  |i 5243505  |o 519.4 GOC 2006  |p 5243505  |r 2025-01-07  |w 2019-11-24  |y BK  |z Catalogado en:20151016  |k MAT